[Event "Titled Tuesday intern op 23rd Mar"]
[Site "Chess.com INT"]
[Date "2021.03.23"]
[Round "1"]
[White "Zhigalko, Sergei"]
[Black "Gracia Alvarez, Gerardo Antonio"]
[Result "1/2-1/2"]
[WhiteElo "2572"]
[BlackElo "2308"]
[PlyCount "102"]
[EventDate "2021.03.23"]
[EventType "swiss (blitz)"]
[EventRounds "11"]
[EventCountry "USA"]
[SourceTitle "CBM 201 Extra"]
[Source "ChessBase"]
[SourceDate "2021.05.30"]
[SourceVersion "1"]
[SourceVersionDate "2021.05.30"]
[SourceQuality "1"]

1. e4 c5 2. Nf3 Nc6 3. c3 Nf6 4. e5 Nd5 5. Bc4 Nb6 6. Bb3 c4 7. Bc2 d6 8. exd6 Qxd6 9. O-O Bg4 10. Re1 O-O-O 11. b3 Qf6 12. Be4 Ne5 13. Na3 Nxf3+ 14. gxf3 Bh3 15. Kh1 e6 16. Nxc4 Nd5 17. d4 Nxc3 18. Qd3 Nxe4 19. fxe4 Qxd4 20. Qc2 Kb8 21. Bb2 Qd3 22. Be5+ Ka8 23. Qxd3 Rxd3 24. Rad1 Rxd1 25. Rxd1 Bc5 26. f3 f6 27. Bb2 e5 28. Ba3 Bxa3 29. Nxa3 Rc8 30. Kg1 a6 31. Nc4 Ka7 32. Rd2 b5 33. Nd6 Rc7 34. Kf2 Kb6 35. Ne8 Re7 36. Nd6 Rd7 37. Nc8+ Kc7 38. Rxd7+ Bxd7 39. Ne7 Kd6 40. Nd5 Be6 41. Nb4 a5 42. Nd3 b4 43. Ke3 Bd7 44. Nb2 Bb5 45. Nd1 Kc5 46. Nb2 Ba6 47. Nd1 Bb5 48. Nb2 Bf1 49. Na4+ Kc6 50. Nb2 Bb5 51. Nd1 Kc5 1/2-1/2

[Event "Titled Tuesday intern op 23rd Mar"]
[Site "Chess.com INT"]
[Date "2021.03.23"]
[Round "2"]
[White "Winterberg, Lukas"]
[Black "Zhigalko, Sergei"]
[Result "0-1"]
[WhiteElo "2389"]
[BlackElo "2572"]
[PlyCount "80"]
[EventDate "2021.03.23"]
[EventType "swiss (blitz)"]
[EventRounds "11"]
[EventCountry "USA"]
[SourceTitle "CBM 201 Extra"]
[Source "ChessBase"]
[SourceDate "2021.05.30"]
[SourceVersion "1"]
[SourceVersionDate "2021.05.30"]
[SourceQuality "1"]

1. d4 Nf6 2. Nf3 e6 3. c4 b6 4. a3 Ba6 5. Qc2 Bb7 6. Nc3 c5 7. e4 cxd4 8. Nxd4 Nc6 9. Nf3 Bc5 10. Bg5 h6 11. Bh4 Nd4 12. Nxd4 Bxd4 13. Rd1 Be5 14. Bd3 O-O 15. O-O Qc7 16. Kh1 a6 17. Qd2 Rac8 18. f4 Bxc3 19. Qxc3 Nxe4 20. Qd4 f5 21. b3 Rf7 22. Be2 Kh7 23. Bf3 Qxf4 24. Qxb6 Qxh4 25. Qxb7 Ng3+ 26. Kg1 Nxf1 27. Qxc8 Nxh2 28. Be2 Ng4 29. Bxg4 fxg4 30. Rxd7 Qe1+ 31. Kh2 Qh4+ 32. Kg1 Qf2+ 33. Kh2 Rf5 34. Qe8 Qh4+ 35. Kg1 Qf2+ 36. Kh2 Qf4+ 37. Kg1 g3 38. Rd1 Qf2+ 39. Kh1 Qf1+ 40. Rxf1 Rxf1# 0-1

[Event "Titled Tuesday intern op 23rd Mar"]
[Site "Chess.com INT"]
[Date "2021.03.23"]
[Round "3"]
[White "Zhigalko, Sergei"]
[Black "Harshavardhan, GB."]
[Result "1/2-1/2"]
[WhiteElo "2572"]
[BlackElo "2397"]
[PlyCount "103"]
[EventDate "2021.03.23"]
[EventType "swiss (blitz)"]
[EventRounds "11"]
[EventCountry "USA"]
[SourceTitle "CBM 201 Extra"]
[Source "ChessBase"]
[SourceDate "2021.05.30"]
[SourceVersion "1"]
[SourceVersionDate "2021.05.30"]
[SourceQuality "1"]

1. e4 e5 2. Nf3 Nc6 3. Bc4 Nf6 4. Ng5 d5 5. exd5 Nd4 6. c3 b5 7. Bf1 Nxd5 8. cxd4 Qxg5 9. Bxb5+ Kd8 10. O-O Bb7 11. Qf3 Rb8 12. dxe5 Ne3 13. Qh3 Qxg2+ 14. Qxg2 Nxg2 15. d4 Be7 16. Nc3 Nh4 17. f4 Nf3+ 18. Kf2 Nxh2 19. Rg1 g6 20. Be2 h5 21. Bd2 Kd7 22. d5 Ng4+ 23. Bxg4+ hxg4 24. Rxg4 Rh2+ 25. Rg2 Rxg2+ 26. Kxg2 Ba8 27. b3 Bb4 28. Rd1 Bxc3 29. Bxc3 Rb5 30. Kf2 Rxd5 31. Rc1 Rd3 32. Ba5 Bc6 33. Rc4 Rd5 34. Bb4 Bb5 35. Rc5 Rxc5 36. Bxc5 a6 37. Ke3 Ke6 38. a3 Kf5 39. Be7 Bd7 40. b4 Bb5 41. Bg5 Bc4 42. Kd4 Bb5 43. Kc5 Ke6 44. Kd4 Kf5 45. Kc3 Ba4 46. Kc4 Ke6 47. Kc5 Bb5 48. Bd8 Kd7 49. Bf6 Ke6 50. Bd8 Kd7 51. Bf6 Ke6 52. Bd8 1/2-1/2

[Event "Titled Tuesday intern op 23rd Mar"]
[Site "Chess.com INT"]
[Date "2021.03.23"]
[Round "4"]
[White "Calin, Alexandru"]
[Black "Zhigalko, Sergei"]
[Result "0-1"]
[WhiteElo "2115"]
[BlackElo "2572"]
[PlyCount "68"]
[EventDate "2021.03.23"]
[EventType "swiss (blitz)"]
[EventRounds "11"]
[EventCountry "USA"]
[SourceTitle "CBM 201 Extra"]
[Source "ChessBase"]
[SourceDate "2021.05.30"]
[SourceVersion "1"]
[SourceVersionDate "2021.05.30"]
[SourceQuality "1"]

1. d4 Nf6 2. Bg5 e6 3. e4 h6 4. Bxf6 Qxf6 5. c3 d6 6. Bd3 g6 7. Ne2 Bg7 8. O-O O-O 9. f4 Nd7 10. Nd2 Qe7 11. Qe1 b6 12. Qg3 Bb7 13. Rae1 Rae8 14. f5 exf5 15. exf5 Qe3+ 16. Qxe3 Rxe3 17. Nf4 Rxe1 18. Rxe1 g5 19. Nh5 Rd8 20. Re7 Kf8 21. Re2 Nf6 22. Nxf6 Bxf6 23. Ne4 Bh8 24. Ng3 c5 25. dxc5 dxc5 26. Bc2 Ba6 27. Rf2 Be5 28. Ne4 Bf4 29. Rf3 Be2 30. Rh3 g4 31. Rh5 Be3+ 32. Kh1 Bd1 33. Bb1 Ba4 34. g3 Rd1+ 0-1

[Event "Titled Tuesday intern op 23rd Mar"]
[Site "Chess.com INT"]
[Date "2021.03.23"]
[Round "5"]
[White "Zhigalko, Sergei"]
[Black "Papasimakopoulos, Alexandros"]
[Result "1-0"]
[WhiteElo "2572"]
[BlackElo "2251"]
[PlyCount "67"]
[EventDate "2021.03.23"]
[EventType "swiss (blitz)"]
[EventRounds "11"]
[EventCountry "USA"]
[SourceTitle "CBM 201 Extra"]
[Source "ChessBase"]
[SourceDate "2021.05.30"]
[SourceVersion "1"]
[SourceVersionDate "2021.05.30"]
[SourceQuality "1"]

1. e4 e6 2. d4 d5 3. e5 c5 4. c3 Nc6 5. Nf3 Qb6 6. a3 c4 7. Nbd2 Bd7 8. b3 cxb3 9. Nxb3 Na5 10. Nxa5 Qxa5 11. Bd2 Qa4 12. Qb1 b6 13. Bd3 h6 14. O-O Ne7 15. Rc1 Rc8 16. h4 g6 17. Nh2 Bg7 18. Ng4 Nf5 19. h5 gxh5 20. Nf6+ Bxf6 21. exf6 Nd6 22. Bf4 Nc4 23. Re1 Qb5 24. Qd1 Qa5 25. Qxh5 Qxc3 26. Bg6 Qxd4 27. Bxf7+ Kd8 28. Bg3 Rf8 29. Rad1 Qc3 30. Bxe6 d4 31. Bxd7 Rc5 32. Qxh6 Rf7 33. Qh8+ Kxd7 34. Qe8# 1-0

[Event "Titled Tuesday intern op 23rd Mar"]
[Site "Chess.com INT"]
[Date "2021.03.23"]
[Round "6"]
[White "Motylev, Alexander"]
[Black "Zhigalko, Sergei"]
[Result "1/2-1/2"]
[WhiteElo "2641"]
[BlackElo "2572"]
[PlyCount "127"]
[EventDate "2021.03.23"]
[EventType "swiss (blitz)"]
[EventRounds "11"]
[EventCountry "USA"]
[SourceTitle "CBM 201 Extra"]
[Source "ChessBase"]
[SourceDate "2021.05.30"]
[SourceVersion "1"]
[SourceVersionDate "2021.05.30"]
[SourceQuality "1"]

1. e4 c5 2. Nf3 Nc6 3. Bb5 Nf6 4. Nc3 Qc7 5. O-O Nd4 6. Re1 a6 7. Bf1 Ng4 8. e5 h5 9. Nd5 Qc6 10. Nf4 d6 11. Nxd4 cxd4 12. e6 g5 13. Nxh5 f5 14. Bd3 Qd5 15. h3 Ne5 16. Bxf5 Bxe6 17. Be4 Qb5 18. c3 d3 19. b3 O-O-O 20. Ng3 g4 21. c4 Qd7 22. Bb2 Bg7 23. Bxe5 Bxe5 24. Bxd3 gxh3 25. Be4 hxg2 26. Bxg2 Rdg8 27. Qf3 Rf8 28. Qe3 Bg4 29. d4 Bxg3 30. fxg3 e6 31. Qe4 Bh3 32. Re2 Bxg2 33. Qxg2 Rf7 34. Rae1 Rf6 35. Qe4 Rfh6 36. Rf2 Qg7 37. Qg2 Rh3 38. Rf3 Qg4 39. Rf4 Rh1+ 40. Kf2 Qxf4+ 41. gxf4 R1h2 42. Rg1 e5 43. dxe5 dxe5 44. fxe5 Kd7 45. Ke3 Rxg2 46. Rxg2 Ke6 47. Rg7 b5 48. Rg6+ Kxe5 49. Rxa6 Rh3+ 50. Kd2 bxc4 51. bxc4 Kd4 52. Ra4 Rh2+ 53. Kc1 Kc3 54. Kd1 Kd4 55. Ke1 Rg2 56. Kf1 Rb2 57. a3 Ra2 58. Ke1 Kc5 59. Kf1 Kd4 60. Ke1 Kc5 61. Kd1 Kd4 62. c5+ Kxc5 63. Kc1 Kb5 64. Rc4 1/2-1/2

[Event "Titled Tuesday intern op 23rd Mar"]
[Site "Chess.com INT"]
[Date "2021.03.23"]
[Round "7"]
[White "Zhigalko, Sergei"]
[Black "Shahade, Gregory P"]
[Result "0-1"]
[WhiteElo "2572"]
[BlackElo "2476"]
[PlyCount "78"]
[EventDate "2021.03.23"]
[EventType "swiss (blitz)"]
[EventRounds "11"]
[EventCountry "USA"]
[SourceTitle "CBM 201 Extra"]
[Source "ChessBase"]
[SourceDate "2021.05.30"]
[SourceVersion "1"]
[SourceVersionDate "2021.05.30"]
[SourceQuality "1"]

1. e4 e5 2. Nf3 Nc6 3. Bc4 Nf6 4. Ng5 d5 5. exd5 Na5 6. Bb5+ c6 7. dxc6 bxc6 8. Bd3 Nd5 9. h4 h6 10. Qh5 Qf6 11. Ne4 Qe6 12. O-O Nf4 13. Qf3 f5 14. Ng3 Nxd3 15. cxd3 Bd6 16. b4 Bxb4 17. Ba3 Bxa3 18. Nxa3 O-O 19. Rac1 Bd7 20. Nc4 Nxc4 21. Rxc4 e4 22. Qf4 exd3 23. Rd4 Rad8 24. Rd6 Qxa2 25. Nh5 Qf7 26. Qf3 Bc8 27. Rxd8 Rxd8 28. Rc1 Bb7 29. Rc5 Rd5 30. Rc1 c5 31. Nf4 Rd7 32. Qg3 c4 33. Ng6 Rc7 34. h5 c3 35. Qd6 Rc8 36. Rxc3 Re8 37. Rc7 Qb3 38. Kh2 Qd1 39. Rxb7 Qxh5+ 0-1

[Event "Titled Tuesday intern op 23rd Mar"]
[Site "Chess.com INT"]
[Date "2021.03.23"]
[Round "8"]
[White "Jakubowski, Krzysztof"]
[Black "Zhigalko, Sergei"]
[Result "0-1"]
[WhiteElo "2497"]
[BlackElo "2572"]
[PlyCount "104"]
[EventDate "2021.03.23"]
[EventType "swiss (blitz)"]
[EventRounds "11"]
[EventCountry "USA"]
[SourceTitle "CBM 201 Extra"]
[Source "ChessBase"]
[SourceDate "2021.05.30"]
[SourceVersion "1"]
[SourceVersionDate "2021.05.30"]
[SourceQuality "1"]

1. d4 Nf6 2. c4 e6 3. Nc3 Bb4 4. Nf3 b6 5. Bg5 h6 6. Bh4 g5 7. Bg3 Ne4 8. Qc2 Bb7 9. e3 Bxc3+ 10. bxc3 d6 11. Bd3 f5 12. d5 Na6 13. Bxe4 fxe4 14. Qxe4 Qf6 15. Qxe6+ Qxe6 16. dxe6 Nc5 17. h4 g4 18. Nd4 Bxg2 19. Rh2 Be4 20. h5 Bd3 21. Rh4 Rg8 22. Bf4 Bxc4 23. Bxh6 Nxe6 24. Nxe6 Bxe6 25. Bf4 Bf5 26. h6 Kf7 27. Kf1 Rae8 28. Kg2 Rh8 29. Kg3 Kg6 30. Rah1 Rh7 31. Rh5 Reh8 32. R1h4 a5 33. e4 Be6 34. e5 d5 35. Rg5+ Kf7 36. Rgh5 c5 37. a3 Rg8 38. Rh1 b5 39. Rb1 Rb8 40. Rhh1 Rb7 41. Rhd1 Bf5 42. Rb2 Ke6 43. Rh1 b4 44. axb4 cxb4 45. cxb4 Rxb4 46. Ra2 Rb3+ 47. Kh4 Rb5 48. Rc1 d4 49. Rc6+ Kd5 50. Rf6 Be6 51. Rd2 Rb3 52. Be3 Rb4 0-1

[Event "Titled Tuesday intern op 23rd Mar"]
[Site "Chess.com INT"]
[Date "2021.03.23"]
[Round "9"]
[White "Zhigalko, Sergei"]
[Black "Matinian, Nikita"]
[Result "1-0"]
[WhiteElo "2572"]
[BlackElo "2470"]
[PlyCount "107"]
[EventDate "2021.03.23"]
[EventType "swiss (blitz)"]
[EventRounds "11"]
[EventCountry "USA"]
[SourceTitle "CBM 201 Extra"]
[Source "ChessBase"]
[SourceDate "2021.05.30"]
[SourceVersion "1"]
[SourceVersionDate "2021.05.30"]
[SourceQuality "1"]

1. e4 d6 2. d4 g6 3. Nc3 a6 4. Nf3 Bg7 5. Be3 b5 6. a4 b4 7. Ne2 Bb7 8. Ng3 h5 9. Bd3 h4 10. Ne2 Nf6 11. Ng5 Ng4 12. Bd2 Nc6 13. c3 bxc3 14. bxc3 e5 15. Qb3 Qf6 16. Qxb7 Qxf2+ 17. Kd1 Kd7 18. Qb3 Rhb8 19. Qc4 Na5 20. Qxf7+ Qxf7 21. Nxf7 Nb3 22. Kc2 Nf2 23. dxe5 Nxd2 24. Kxd2 Rb2+ 25. Ke3 Nxh1 26. Rxh1 Rf8 27. Bc4 dxe5 28. Rd1+ Ke7 29. g3 h3 30. a5 Rxf7 31. Bxf7 Bh6+ 32. Kf3 Kxf7 33. Rd7+ Kg8 34. Rxc7 Ra2 35. Rc6 Rxa5 36. Rxg6+ Kh7 37. Rc6 Ra2 38. c4 a5 39. Ra6 a4 40. c5 Ra3+ 41. Kg4 Ra2 42. Ng1 Be3 43. Nxh3 Bxc5 44. Ng5+ Kg8 45. Ne6 Bb4 46. h4 a3 47. Nc7 Rf2 48. Nd5 Bc5 49. Kg5 Rg2 50. Nf6+ Kf8 51. Nd7+ Kg8 52. Nxc5 Rxg3+ 53. Kf5 Rc3 54. Ne6 1-0

[Event "Titled Tuesday intern op 23rd Mar"]
[Site "Chess.com INT"]
[Date "2021.03.23"]
[Round "10"]
[White "Obregon, Carlos Andres"]
[Black "Zhigalko, Sergei"]
[Result "1-0"]
[WhiteElo "2525"]
[BlackElo "2572"]
[PlyCount "77"]
[EventDate "2021.03.23"]
[EventType "swiss (blitz)"]
[EventRounds "11"]
[EventCountry "USA"]
[SourceTitle "CBM 201 Extra"]
[Source "ChessBase"]
[SourceDate "2021.05.30"]
[SourceVersion "1"]
[SourceVersionDate "2021.05.30"]
[SourceQuality "1"]

1. c4 e5 2. Nc3 Nf6 3. Nf3 Nc6 4. g3 Bb4 5. Nd5 Ba5 6. Bg2 O-O 7. O-O d6 8. d3 Nxd5 9. cxd5 Ne7 10. Nd2 Bg4 11. h3 Bh5 12. Nc4 Bb6 13. a4 Bc5 14. Bd2 a6 15. b4 Ba7 16. Na5 Rb8 17. Rc1 Qd7 18. Qc2 Nf5 19. e3 Bg6 20. Qxc7 Qxa4 21. Nxb7 Qa2 22. Rfd1 h5 23. Nxd6 Nxd6 24. Qxd6 Bxd3 25. Bc3 Bg6 26. Qxe5 f6 27. Qf4 Rbd8 28. d6 Bf7 29. g4 hxg4 30. Qxg4 Be6 31. Qg3 Bb8 32. e4 Qb3 33. Kh1 Qa3 34. Ra1 Qb3 35. e5 fxe5 36. Bxe5 Qxg3 37. Bxg3 Bc4 38. Bd5+ Bxd5+ 39. Rxd5 1-0

[Event "Titled Tuesday intern op 23rd Mar"]
[Site "Chess.com INT"]
[Date "2021.03.23"]
[Round "11"]
[White "Sadovsky, Artem"]
[Black "Zhigalko, Sergei"]
[Result "0-1"]
[WhiteElo "2408"]
[BlackElo "2572"]
[PlyCount "64"]
[EventDate "2021.03.23"]
[EventType "swiss (blitz)"]
[EventRounds "11"]
[EventCountry "USA"]
[SourceTitle "CBM 201 Extra"]
[Source "ChessBase"]
[SourceDate "2021.05.30"]
[SourceVersion "1"]
[SourceVersionDate "2021.05.30"]
[SourceQuality "1"]

1. Nf3 d5 2. e3 Nf6 3. c4 e6 4. b3 Bd6 5. Bb2 O-O 6. Be2 b6 7. O-O Bb7 8. cxd5 exd5 9. d4 Nbd7 10. Nc3 a6 11. Rc1 Qe7 12. Bd3 Ne4 13. Qc2 f5 14. g3 Rac8 15. Ne1 c5 16. dxc5 bxc5 17. Ng2 Ne5 18. f4 Nxd3 19. Qxd3 d4 20. Nxe4 Bxe4 21. Qc4+ Kh8 22. exd4 Qb7 23. Qe2 Rfe8 24. Qf2 h6 25. dxc5 Bxc5 26. Rxc5 Rxc5 27. Qxc5 Bxg2 28. Rc1 Bh3 29. Qf2 Re3 30. Be5 Qe4 31. Bc3 Re2 32. Bxg7+ Kh7 0-1

[Event "Titled Tuesday intern op 30th Mar"]
[Site "Chess.com INT"]
[Date "2021.03.30"]
[Round "4"]
[White "Zhigalko, Sergei"]
[Black "Seo, Jung Min"]
[Result "1-0"]
[WhiteElo "2572"]
[BlackElo "2453"]
[PlyCount "41"]
[EventDate "2021.03.30"]
[EventType "swiss (blitz)"]
[EventRounds "11"]
[EventCountry "USA"]
[SourceTitle "CBM 201 Extra"]
[Source "ChessBase"]
[SourceDate "2021.05.30"]
[SourceVersion "1"]
[SourceVersionDate "2021.05.30"]
[SourceQuality "1"]

1. e4 c6 2. d4 d5 3. e5 Bf5 4. Nf3 e6 5. Be2 Nd7 6. O-O Ne7 7. Nbd2 c5 8. c4 dxc4 9. Nxc4 Nd5 10. Bg5 Qc7 11. Rc1 h6 12. Bh4 b5 13. Nd6+ Bxd6 14. exd6 Qxd6 15. dxc5 Nxc5 16. Bxb5+ Nd7 17. Bg3 Qb4 18. Bc6 Rd8 19. Ne5 N5f6 20. Bxd7+ Nxd7 21. Nc6 1-0

[Event "Titled Tuesday intern op 13th Apr"]
[Site "Chess.com INT"]
[Date "2021.04.13"]
[Round "1"]
[White "Zhigalko, Sergei"]
[Black "Delgadillo, Adonai"]
[Result "1-0"]
[WhiteElo "2572"]
[BlackElo "2236"]
[PlyCount "25"]
[EventDate "2021.04.13"]
[EventType "swiss (blitz)"]
[EventRounds "11"]
[EventCountry "USA"]
[SourceTitle "CBM 201 Extra"]
[Source "ChessBase"]
[SourceDate "2021.05.30"]
[SourceVersion "1"]
[SourceVersionDate "2021.05.30"]
[SourceQuality "1"]

1. e4 c5 2. Nf3 d6 3. d4 cxd4 4. Qxd4 Nf6 5. Nc3 a6 6. Bc4 Nc6 7. Qd3 e6 8. Bf4 Qc7 9. O-O-O Ne5 10. Nxe5 dxe5 11. Bxe5 Qd7 12. Qe2 Qc6 13. Nb5 1-0

[Event "Titled Tuesday intern op 13th Apr"]
[Site "Chess.com INT"]
[Date "2021.04.13"]
[Round "2"]
[White "Oliveira, Silvio Eduardo"]
[Black "Zhigalko, Sergei"]
[Result "1-0"]
[WhiteElo "2321"]
[BlackElo "2572"]
[PlyCount "113"]
[EventDate "2021.04.13"]
[EventType "swiss (blitz)"]
[EventRounds "11"]
[EventCountry "USA"]
[SourceTitle "CBM 201 Extra"]
[Source "ChessBase"]
[SourceDate "2021.05.30"]
[SourceVersion "1"]
[SourceVersionDate "2021.05.30"]
[SourceQuality "1"]

1. e4 c5 2. Nf3 Nc6 3. d4 cxd4 4. Nxd4 Nf6 5. Nc3 e5 6. Ndb5 d6 7. Nd5 Nxd5 8. exd5 Nb8 9. a4 Be7 10. Bd2 O-O 11. Be2 Nd7 12. O-O f5 13. a5 Nf6 14. Be3 a6 15. Bb6 Qd7 16. Nc7 Rb8 17. c4 Bd8 18. Ne6 Bxb6 19. Nxf8 Bxf2+ 20. Rxf2 Kxf8 21. Bd3 g6 22. b4 Kg7 23. Qd2 Qc7 24. Rc1 Bd7 25. c5 dxc5 26. Rxc5 Qd6 27. Bb1 Rd8 28. Re2 Bb5 29. Re1 e4 30. Qd4 Kh6 31. Re3 Qf4 32. h3 Rxd5 33. Rxd5 Nxd5 34. Re1 Nc7 35. Qd8 Ne6 36. Qe7 Bc4 37. Bc2 Qd2 38. Qh4+ Kg7 39. Qe7+ Kh6 40. Qh4+ Kg7 41. Bd1 Qd4+ 42. Kh1 Qf6 43. Qf2 Qd4 44. Qh4 Qd8 45. Qf2 Bd3 46. g4 Qd4 47. Qh2 f4 48. h4 Qf6 49. h5 f3 50. h6+ Kf7 51. Bb3 Ke7 52. Bxe6 Qxe6 53. Rc1 Kf6 54. Qb8 Kg5 55. Qd8+ Kxg4 56. Rg1+ Kh3 57. Qg5 1-0

[Event "Titled Tuesday intern op 13th Apr"]
[Site "Chess.com INT"]
[Date "2021.04.13"]
[Round "3"]
[White "Zhigalko, Sergei"]
[Black "Meissner, Felix"]
[Result "1-0"]
[WhiteElo "2572"]
[BlackElo "2362"]
[PlyCount "45"]
[EventDate "2021.04.13"]
[EventType "swiss (blitz)"]
[EventRounds "11"]
[EventCountry "USA"]
[SourceTitle "CBM 201 Extra"]
[Source "ChessBase"]
[SourceDate "2021.05.30"]
[SourceVersion "1"]
[SourceVersionDate "2021.05.30"]
[SourceQuality "1"]

1. e4 c6 2. d4 g6 3. Nc3 d5 4. Nf3 dxe4 5. Nxe4 Nf6 6. Bd3 Bg7 7. O-O O-O 8. Re1 a5 9. Bg5 Na6 10. c3 Nc7 11. Qd2 a4 12. Bh6 a3 13. b3 Ncd5 14. Bxg7 Kxg7 15. h3 Nxe4 16. Rxe4 Nf6 17. Rh4 h5 18. Re1 Qd6 19. c4 c5 20. Qg5 cxd4 21. Rxd4 Qb6 22. Rxe7 Be6 23. Qxg6+ 1-0

[Event "Titled Tuesday intern op 13th Apr"]
[Site "Chess.com INT"]
[Date "2021.04.13"]
[Round "4"]
[White "Barria Zuniga, Daniel"]
[Black "Zhigalko, Sergei"]
[Result "0-1"]
[WhiteElo "2341"]
[BlackElo "2572"]
[PlyCount "70"]
[EventDate "2021.04.13"]
[EventType "swiss (blitz)"]
[EventRounds "11"]
[EventCountry "USA"]
[SourceTitle "CBM 201 Extra"]
[Source "ChessBase"]
[SourceDate "2021.05.30"]
[SourceVersion "1"]
[SourceVersionDate "2021.05.30"]
[SourceQuality "1"]

1. d4 Nf6 2. c4 e6 3. Nf3 b6 4. g3 Ba6 5. Qc2 Bb4+ 6. Nbd2 Bb7 7. Bg2 Be4 8. Qd1 O-O 9. O-O Bxd2 10. Qxd2 d6 11. b3 a5 12. Bb2 Nbd7 13. Rfe1 Re8 14. Bf1 h6 15. Nh4 Bb7 16. f3 d5 17. Rac1 a4 18. Ng2 axb3 19. axb3 Ra2 20. Ra1 Rxa1 21. Rxa1 c5 22. cxd5 exd5 23. e3 Bc6 24. Nf4 Qe7 25. Kf2 g5 26. Nd3 g4 27. Be2 gxf3 28. Bxf3 Ne4+ 29. Bxe4 Qxe4 30. dxc5 d4 31. Bxd4 Qg2+ 32. Ke1 Qh1+ 33. Ke2 Bf3+ 34. Kf2 Qg2+ 35. Ke1 Qg1# 0-1

[Event "Titled Tuesday intern op 13th Apr"]
[Site "Chess.com INT"]
[Date "2021.04.13"]
[Round "5"]
[White "Zhigalko, Sergei"]
[Black "Nasuta, Grzegorz"]
[Result "1-0"]
[WhiteElo "2572"]
[BlackElo "2512"]
[PlyCount "81"]
[EventDate "2021.04.13"]
[EventType "swiss (blitz)"]
[EventRounds "11"]
[EventCountry "USA"]
[SourceTitle "CBM 201 Extra"]
[Source "ChessBase"]
[SourceDate "2021.05.30"]
[SourceVersion "1"]
[SourceVersionDate "2021.05.30"]
[SourceQuality "1"]

1. e4 e5 2. Nf3 Nc6 3. Bc4 Nf6 4. d3 Be7 5. O-O O-O 6. Nbd2 d6 7. c3 h6 8. Re1 Re8 9. Nf1 Bf8 10. Ng3 a6 11. Bb3 Na5 12. Bc2 c5 13. h3 Nc6 14. Bb3 Be6 15. Be3 d5 16. exd5 Nxd5 17. Bd2 Qc7 18. Nh4 g6 19. Ne4 Qd8 20. Nf3 f5 21. Ng3 Bg7 22. Qc2 Qd7 23. Rad1 Rad8 24. Qc1 Kh7 25. h4 Qf7 26. Re2 b6 27. Rde1 f4 28. Ne4 Bg4 29. Nfg5+ hxg5 30. Nxg5+ Kg8 31. Nxf7 Kxf7 32. Re4 Bf6 33. Bxf4 Bf5 34. Bg5 Be6 35. Bxd5 Bxd5 36. Bxf6 Kxf6 37. Qg5+ Kg7 38. Rg4 Bf7 39. h5 Rd6 40. Re3 Rh8 41. Rf3 1-0

[Event "Titled Tuesday intern op 13th Apr"]
[Site "Chess.com INT"]
[Date "2021.04.13"]
[Round "7"]
[White "Zhigalko, Sergei"]
[Black "Can, Emre"]
[Result "1-0"]
[WhiteElo "2572"]
[BlackElo "2569"]
[PlyCount "91"]
[EventDate "2021.04.13"]
[EventType "swiss (blitz)"]
[EventRounds "11"]
[EventCountry "USA"]
[SourceTitle "CBM 201 Extra"]
[Source "ChessBase"]
[SourceDate "2021.05.30"]
[SourceVersion "1"]
[SourceVersionDate "2021.05.30"]
[SourceQuality "1"]

1. e4 g6 2. d4 Bg7 3. Nc3 a6 4. Nf3 d6 5. Be3 b5 6. a4 b4 7. Ne2 Bb7 8. Ng3 Nd7 9. a5 e5 10. d5 Ne7 11. Qd2 O-O 12. Qxb4 Rb8 13. Ba7 c5 14. Qc3 Ra8 15. Bb6 Nxb6 16. axb6 Qxb6 17. Bc4 Bh6 18. O-O f5 19. Ra4 Kh8 20. Rd1 Qc7 21. b3 Ng8 22. h3 Bc8 23. Rda1 Nf6 24. Qe1 Qb6 25. Qe2 Ra7 26. exf5 gxf5 27. Nh4 Ne8 28. Qh5 Bg7 29. Ng6+ Kg8 30. Nxf8 Kxf8 31. Nxf5 Nf6 32. Qg5 Qd8 33. Ng3 h6 34. Qd2 Kg8 35. Bxa6 Bd7 36. R4a2 Qa8 37. c3 Kh8 38. Bc4 Rxa2 39. Qxa2 Qg8 40. Qa8 Be8 41. Qc8 Bf7 42. Ra8 Qxc8 43. Rxc8+ Kh7 44. Bd3+ e4 45. Nxe4 Bg6 46. Nxf6+ 1-0

[Event "Titled Tuesday intern op 13th Apr"]
[Site "Chess.com INT"]
[Date "2021.04.13"]
[Round "8"]
[White "Kozak, Adam"]
[Black "Zhigalko, Sergei"]
[Result "1/2-1/2"]
[WhiteElo "2518"]
[BlackElo "2572"]
[PlyCount "78"]
[EventDate "2021.04.13"]
[EventType "swiss (blitz)"]
[EventRounds "11"]
[EventCountry "USA"]
[SourceTitle "CBM 201 Extra"]
[Source "ChessBase"]
[SourceDate "2021.05.30"]
[SourceVersion "1"]
[SourceVersionDate "2021.05.30"]
[SourceQuality "1"]

1. Nf3 d5 2. g3 c6 3. Bg2 Bg4 4. O-O Nd7 5. h3 Bh5 6. d4 e6 7. c4 Ngf6 8. cxd5 Nxd5 9. e4 N5f6 10. Nc3 Be7 11. g4 Bg6 12. Ne5 Nxe5 13. dxe5 Qxd1 14. Rxd1 Nd7 15. f4 f6 16. exf6 gxf6 17. Be3 e5 18. Ne2 h5 19. g5 fxg5 20. fxg5 h4 21. Bf3 Nc5 22. Nc3 Ne6 23. Bg4 Nd4 24. Kh1 Rd8 25. Rd2 O-O 26. Rad1 Bc5 27. Bf2 Bb4 28. Bxh4 Bxc3 29. bxc3 Bxe4+ 30. Kh2 Nf3+ 31. Bxf3 Rxd2+ 32. Rxd2 Rxf3 33. Bg3 Rxc3 34. Bxe5 Rc2 35. Rxc2 Bxc2 36. Kg3 Kf7 37. h4 Bd1 38. Kf4 Kg6 39. Bd4 a6 1/2-1/2

[Event "Titled Tuesday intern op 13th Apr"]
[Site "Chess.com INT"]
[Date "2021.04.13"]
[Round "9"]
[White "Zhigalko, Sergei"]
[Black "Mitrabha, Guha"]
[Result "1-0"]
[WhiteElo "2572"]
[BlackElo "2467"]
[PlyCount "61"]
[EventDate "2021.04.13"]
[EventType "swiss (blitz)"]
[EventRounds "11"]
[EventCountry "USA"]
[SourceTitle "CBM 201 Extra"]
[Source "ChessBase"]
[SourceDate "2021.05.30"]
[SourceVersion "1"]
[SourceVersionDate "2021.05.30"]
[SourceQuality "1"]

1. e4 e6 2. d4 d5 3. e5 c5 4. c3 Qb6 5. Nf3 Bd7 6. Be2 Bb5 7. Bxb5+ Qxb5 8. a4 Qa6 9. Na3 cxd4 10. Nb5 Qb6 11. Nbxd4 Nc6 12. O-O Bc5 13. a5 Qd8 14. a6 Qb6 15. Nb3 bxa6 16. Nxc5 Qxc5 17. Rxa6 Nge7 18. Qa4 Rb8 19. Nd4 Rb6 20. Rxa7 O-O 21. Rc7 Qc4 22. Qxc4 dxc4 23. Nxc6 Nxc6 24. Be3 Ra6 25. Bc5 Rd8 26. Bd6 h6 27. h4 f6 28. f4 f5 29. Rf3 Nb8 30. Rg3 Nd7 31. Be7 1-0